000
00226nam a22001097a 4500
082
_a
ع ا ل
100
_a
عادل سخیرانی
245
_a
نین تکجی پیا
260
_c
۱۹۹۲
300
_a
۱۵۲
942
_c
BK
999
_c
11764
_d
11764